| 000 | 00449nam a2200157Ia 4500 | ||
|---|---|---|---|
| 003 | OSt | ||
| 005 | 20230602105152.0 | ||
| 008 | 211028s2012 xx 000 0 und d | ||
| 040 | _cAIMIT LIBRARY | ||
| 041 | _aeng | ||
| 100 |
_aD'Souza, Reshma Jenifer; Ruban. _98382 _e101930 |
||
| 110 |
_aRuban _98383 |
||
| 245 | _aERP solution for ayurvedic medicine manufacturing unit: sales management system. | ||
| 260 |
_aMangalore _c2012 |
||
| 942 |
_2ddc _cPRO |
||
| 999 |
_c219860 _d219860 |
||